| 000 | 00582nam a22001697a 4500 | ||
|---|---|---|---|
| 999 |
_c41101 _d41101 |
||
| 003 | OSt | ||
| 005 | 20210310121546.0 | ||
| 008 | 210310b ||||| |||| 00| 0 eng d | ||
| 020 | _a9788131608388 | ||
| 040 | _coclc | ||
| 082 |
_a305.800954 _bCHA/A |
||
| 100 |
_98530 _aChaudhuri, Buddhadeb |
||
| 245 |
_aAnthropology And Human Rights : _bChallenges And Opportunities In The New Millennium / _cBuddhadeb Chaudhuri ; Subir Biswas |
||
| 260 |
_aJaipur: _bRawat Publications, _c2017. |
||
| 300 | _a320p | ||
| 942 |
_2ddc _cBK _h305.800954 _iCHA/A _k305.800954 _mCHA/A |
||